| 000 | 01916nam a22003617a 4500 | ||
|---|---|---|---|
| 001 | 103620 | ||
| 003 | KnowledgeUnlatched | ||
| 005 | 20210303105106.0 | ||
| 006 | m o d | ||
| 007 | cr u|||||||||| | ||
| 008 | 210129p20162019xx o u00| u ger d | ||
| 037 | _5BiblioBoard | ||
| 245 | 0 | 0 |
_aGegen falsche Götter und falsche Bildung _bTatian, Rede an die Griechen / _cGünther Nesselrath. |
| 020 | _a9783161564277 | ||
| 029 | 1 | _ahttps://library.biblioboard.com/ext/api/media/80b5465c-0eb5-41bd-9e8f-bcc517248224/assets/thumbnail.jpg | |
| 040 |
_aScCtBLL _cScCtBLL |
||
| 506 | 0 |
_aAccess copy available to the general public. _fUnrestricted _2star |
|
| 700 | 1 |
_aNesselrath, Günther _eeditor. |
|
| 264 | 1 | _bMohr Siebeck, | |
| 300 | _a1 online resource (345 p.) | ||
| 520 | _aTatians "Rede an die Griechen" (2. Jh. n. Chr.) ist die vehemente Attacke eines gebildeten Christen gegen die ganze hellenische Kultur- und Götterwelt und damit ein Vorläufer der großen Auseinandersetzungen zwischen religiös-paganen Traditionen und Christentum im 4. Jh. n. Chr. Der Band bietet den Originaltext, eine neue deutsche Übersetzung mit gründlicher Detail-Kommentierung sowie Essays zum theologischen, religiösen und geistesgeschichtlichen Kontext der Schrift und ihrer Rezeption. | ||
| 588 | 0 | _aDescription based on print version record. | |
| 590 | _aKU Open Services | ||
| 650 | 7 |
_aReligion _2bisacsh |
|
| 650 | 7 |
_aPhilosophy _2bisacsh |
|
| 650 | 0 | _aReligion | |
| 655 | 0 | _aElectronic books. | |
| 758 |
_iIs found in: _aKnowledge Unlatched _1https://openresearchlibrary.org/module/2774bc74-146a-484f-a7ba-ab1d6a09bbfb |
||
| 856 | 4 | 0 |
_uhttps://openresearchlibrary.org/content/80b5465c-0eb5-41bd-9e8f-bcc517248224 _zView this content on Open Research Library. _70 |
| 999 |
_c33561 _d33561 |
||